000 nam a22 7a 4500
999 _c9352
_d9352
008 180129b ||||| |||| 00| 0 eng d
100 _aKhan,N.
_95601
245 _aImages: Supplementary Readers-VII
260 _aNew Delhi
_bNCERT
_c2003